000 00898nam a2200265Ia 4500
003 OSt
005 20221005092848.0
006 a|||||r|||| 00| 0
007 ta
008 221004b |||||||| |||| 00| 0 eng d
020 _a0791441229 (pbk)
_c1169.65
024 _a98790
037 _b3660, 15/12/2009, Bharat Scientific Syndicate
_cTextual
040 _aCRL
_cCRL
_beng
041 _2eng
_aeng
082 _aP111:7, N9
100 _aGale Xin Liu Ed.
_9617857
245 0 _aRevisioning composition textbooks
_b Conflicts of culture, ideology, and pedagogy
260 _aNew York
_bState University of New Press U.S.A
_c1999
300 _axi, 274p.
_ccm.
650 _aLINGUISTICS
700 _a Gale Fredric G. Ed.
_9617858
942 _hP111:7, N9
_cTEXL
_2cc
999 _c999490
_d999490